000 00811nac a22002417a 4500
001 BR6001876
003 BR-BrBNA
005 20240522151316.0
008 230509b bl.|||m| |||| 00| 0 por d
040 _aBR-BrBNA
_bpor
072 _aC00; E50
090 _aC00
_bBR6001876
110 1 _aAssociacao Nordestina de Credito e Assistencia Rural da Paraiba, Joao Pessoa (Brasil)
_9691
245 1 _aRelatório de atividades da ANCAR - Paraíba 1972 /
260 3 _aParaiba, PB (Brasil):
_c[nd].
300 _a27 p.
490 _aRelatorio - Associacao Nordestina de Credito e Assistencia Rural da Paraiba (Brazil)
500 _a31 illus.; Published after 1972
650 _aASSISTENCIA TECNICA
650 _aPARAIBA
909 _a05/2024
_bSARAH
942 _cMS
999 _c261431
_d261431